[Event "SR 1. liga zapad 2013/2014"]
[Site "?"]
[Date "2014.03.02"]
[Round "53.4"]
[White "Karas, Marek"]
[Black "Chlpik, Martin"]
[Result "1-0"]
[WhiteElo "2037"]
[BlackElo "2077"]
[PlyCount "51"]
[EventDate "2013.??.??"]
[WhiteTeam "SK Doprastav Bratislava B"]
[BlackTeam "SK Levice"]

1. e4 d6 2. d4 g6 3. Nc3 Bg7 4. Be3 a6 5. a4 Nd7 6. Qd2 h6 7. Bc4 e6 8. Nge2
Ne7 9. f3 e5 10. O-O-O b5 11. Bb3 Nc6 12. f4 exd4 13. Nxd4 Nxd4 14. Bxd4 Bxd4
15. Qxd4 Qf6 16. Bxf7+ Kxf7 17. Qd5+ Kg7 18. Qxa8 Qxf4+ 19. Kb1 Ne5 20. Qa7 Qf7
21. Rhf1 Qd7 22. Nd5 c5 23. Qxd7+ Nxd7 24. axb5 axb5 25. Ne7 Nf6 26. Rxd6 1-0

[Event "SR 1. liga zapad 2013/2014"]
[Site "?"]
[Date "2014.03.02"]
[Round "53.5"]
[White "Bencik, Pavol"]
[Black "Orosi, Peter"]
[Result "0-1"]
[WhiteElo "2023"]
[BlackElo "2065"]
[PlyCount "84"]
[EventDate "2013.??.??"]
[WhiteTeam "SK Levice"]
[BlackTeam "SK Doprastav Bratislava B"]

1. e4 e5 2. Nf3 Nc6 3. d4 exd4 4. Nxd4 Nf6 5. Nxc6 bxc6 6. Bg5 Be7 7. Nc3 Nxe4
8. Nxe4 Bxg5 9. Qd4 O-O 10. h4 Bf6 11. Nxf6+ Qxf6 12. Qxf6 Re8+ 13. Kd2 gxf6
14. Bd3 d6 15. Rae1 Bd7 16. Re3 Rxe3 17. Kxe3 Re8+ 18. Kf4 Kg7 19. g4 h6 20.
Rh3 Rb8 21. b3 Rb4+ 22. Bc4 a5 23. Re3 Kf8 24. a3 Rb8 25. Bd3 Re8 26. Bf5 Rxe3
27. fxe3 Be8 28. b4 axb4 29. a4 c5 30. a5 Bb5 31. Bc8 c4 32. a6 c3 33. a7 Bc6
34. Bf5 Ba8 35. Bd3 d5 36. e4 Ke7 37. exd5 Bxd5 38. Be4 b3 39. Bxd5 bxc2 40.
a8=Q c1=Q+ 41. Kf5 c2 42. Bf3 Qb2 0-1

[Event "SR 1. liga zapad 2013/2014"]
[Site "?"]
[Date "2014.03.02"]
[Round "53.6"]
[White "Krajnak, Robert"]
[Black "Fabian, Jaroslav"]
[Result "1-0"]
[WhiteElo "2045"]
[BlackElo "2185"]
[PlyCount "119"]
[EventDate "2013.??.??"]
[WhiteTeam "SK Doprastav Bratislava B"]
[BlackTeam "SK Levice"]

1. c4 Nf6 2. Nc3 d5 3. cxd5 Nxd5 4. e3 Nxc3 5. bxc3 g6 6. d4 Bg7 7. Bc4 O-O 8.
h4 h5 9. Qc2 e6 10. Nf3 Nd7 11. Ng5 Nf6 12. e4 c5 13. e5 Nd5 14. g4 f6 15. Qxg6
fxg5 16. Bd3 Rf3 17. Be4 Rf4 18. Qh7+ Kf8 19. Ba3 b6 20. dxc5 Rxe4+ 21. Qxe4
Kg8 22. hxg5 Ba6 23. Rxh5 Qf8 24. Qh7+ Kf7 25. Rh6 Bd3 26. Qxd3 Bxh6 27. gxh6
Qxh6 28. Qf3+ Qf4 29. Qxf4+ Nxf4 30. O-O-O bxc5 31. Bxc5 Rc8 32. Bxa7 Rxc3+ 33.
Kb2 Rc7 34. Be3 Rb7+ 35. Kc2 Nd5 36. Bd2 Ra7 37. Kb3 Rb7+ 38. Kc4 Ra7 39. Kb3
Rb7+ 40. Kc2 Ra7 41. Ra1 Ra4 42. f3 Ra3 43. f4 Rg3 44. a4 Rxg4 45. a5 Rg8 46.
a6 Ra8 47. a7 Ke7 48. Kd3 Kd7 49. Kd4 Ne7 50. Ke4 Nf5 51. Ra6 Ng3+ 52. Kf3 Nf5
53. Be3 Nh4+ 54. Ke4 Nf5 55. Bc5 Ng3+ 56. Kf3 Nf5 57. Kf2 Ng7 58. Rb6 Ne8 59.
Rb8 Nc7 60. Bb6 1-0

[Event "SR 1. liga zapad 2013/2014"]
[Site "?"]
[Date "2014.03.02"]
[Round "53.7"]
[White "Bencok, Ladislav"]
[Black "Magyar, Frantisek"]
[Result "0-1"]
[WhiteElo "1851"]
[BlackElo "2007"]
[PlyCount "100"]
[EventDate "2013.??.??"]
[WhiteTeam "SK Levice"]
[BlackTeam "SK Doprastav Bratislava B"]

1. e4 c5 2. Nf3 Nc6 3. d4 cxd4 4. Nxd4 Nf6 5. Nc3 e5 6. Ndb5 d6 7. a4 a6 8. Na3
Be6 9. Bc4 Nd4 10. Bxe6 Nxe6 11. Nc4 Rc8 12. Ne3 Nd4 13. O-O Be7 14. Ne2 Nxe2+
15. Qxe2 O-O 16. Nf5 g6 17. Nxe7+ Qxe7 18. Bg5 Qe6 19. Rfd1 Rc6 20. b3 Rfc8 21.
c4 Nd7 22. Rd5 Kg7 23. Rad1 h6 24. Be3 Nf6 25. f3 Qe7 26. R1d3 Ne8 27. Bc1 g5
28. Qd2 Kg6 29. Ba3 Qe6 30. Bxd6 f6 31. Ba3 b5 32. axb5 axb5 33. c5 Ra8 34. Bb4
Rca6 35. Qe3 Qc6 36. Rd7 Ra2 37. Rd2 Ra1+ 38. Kf2 Rb1 39. Qd3 Raa1 40. Rd1 Rxd1
41. Qxd1 Rxd1 42. Rxd1 Qa6 43. Rd2 Qa1 44. c6 Nc7 45. Bd6 Qc1 46. Ke2 Qxc6 47.
b4 Ne6 48. Kd1 Qc3 49. Rc2 Qb3 50. Kd2 Nd4 0-1

[Event "SR 1. liga zapad 2013/2014"]
[Site "?"]
[Date "2014.03.02"]
[Round "53.8"]
[White "Goga, Frantisek"]
[Black "Nikel, Rastislav"]
[Result "0-1"]
[WhiteElo "1887"]
[BlackElo "2018"]
[PlyCount "114"]
[EventDate "2013.??.??"]
[WhiteTeam "SK Doprastav Bratislava B"]
[BlackTeam "SK Levice"]

1. e4 e5 2. Nf3 Nc6 3. d4 exd4 4. Bc4 Nf6 5. e5 d5 6. Bb5 Ne4 7. Nxd4 Bd7 8.
Bxc6 bxc6 9. O-O Bc5 10. f3 Ng5 11. f4 Ne4 12. Be3 O-O 13. Nd2 Qe7 14. Nxe4
dxe4 15. Qe2 f6 16. exf6 Rxf6 17. Nb3 Bd6 18. Qc4+ Kh8 19. Nc5 Rf5 20. Nxd7
Qxd7 21. Rad1 Re8 22. Qa4 Rb5 23. b3 Qf5 24. c4 Bc5 25. cxb5 Bxe3+ 26. Kh1 cxb5
27. Qa6 Bb6 28. Qb7 c6 29. Qxc6 Rc8 30. Qd7 Qxd7 31. Rxd7 e3 32. Re7 Kg8 33. h3
Rc2 34. Re1 Kf8 35. Re5 b4 36. R5xe3 Bxe3 37. Rxe3 Rxa2 38. Re4 a5 39. Re3 Ra3
40. Re5 Kf7 41. h4 Rxb3 42. Rxa5 Ke6 43. f5+ Kd6 44. Kh2 Rc3 45. Rb5 b3 46. Rb7
Kc6 47. Rb8 Kc5 48. Rb7 Kc4 49. h5 Kd3 50. Rxg7 b2 51. Rb7 Kc2 52. Rxb2+ Kxb2
53. g4 h6 54. Kg2 Kb3 55. f6 Rc6 56. Kg3 Rxf6 57. g5 Rf5 0-1

[Event "SR 1. liga zapad 2013/2014"]
[Site "?"]
[Date "2014.03.02"]
[Round "54.1"]
[White "Kukel, Imre 1985"]
[Black "Zetocha, Claudiu"]
[Result "0-1"]
[WhiteElo "2249"]
[BlackElo "2363"]
[PlyCount "59"]
[EventDate "2013.??.??"]
[WhiteTeam "KSC Komarno"]
[BlackTeam "SK Slovan Bratislava C"]

1. e4 c5 2. Nf3 e6 3. d4 cxd4 4. Nxd4 a6 5. Bd3 Bc5 6. Nb3 Be7 7. Qg4 g6 8. Nc3
d6 9. f4 Nd7 10. Be3 Qc7 11. O-O Ngf6 12. Qf3 O-O 13. g4 b5 14. g5 Nh5 15. f5
Ne5 16. Qg2 Re8 17. Be2 b4 18. Nd1 exf5 19. Bxh5 gxh5 20. Bd4 fxe4 21. Ne3 Nf3+
22. Kh1 Be6 23. Rxf3 exf3 24. Qxf3 Rac8 25. Qxh5 Qb7+ 26. Kg1 Qe4 27. Qh6 Qg6
28. Qxg6+ hxg6 29. h4 Bf8 30. Kf2 0-1

[Event "SR 1. liga zapad 2013/2014"]
[Site "?"]
[Date "2014.03.02"]
[Round "54.2"]
[White "Ruckschloss, Karol"]
[Black "Baranek, Jozef"]
[Result "1/2-1/2"]
[WhiteElo "2244"]
[BlackElo "2152"]
[PlyCount "89"]
[EventDate "2013.??.??"]
[WhiteTeam "SK Slovan Bratislava C"]
[BlackTeam "KSC Komarno"]

1. c4 c5 2. Nc3 Nf6 3. e4 Nc6 4. g3 d6 5. Bg2 g6 6. Nge2 h5 7. h3 Be6 8. b3 Bg7
9. Bb2 Nh7 10. Qb1 Qd7 11. Nd5 Bxb2 12. Qxb2 O-O-O 13. d4 Bxd5 14. cxd5 Nxd4
15. Nxd4 cxd4 16. Qxd4 Kb8 17. O-O f6 18. f4 g5 19. e5 gxf4 20. e6 Qe8 21. gxf4
h4 22. Rac1 Rc8 23. Rc4 Rxc4 24. Qxc4 Qd8 25. Qe4 f5 26. Qxf5 Nf6 27. Qc2 Rg8
28. Kh2 Qb6 29. Qf2 Qa5 30. Rd1 Rg3 31. Rd4 Qc5 32. Qd2 Rc3 33. b4 Qc7 34. f5
Rc2 35. Qh6 a6 36. Rd2 Rxd2 37. Qxd2 Qc4 38. a3 Kc7 39. Kg1 b5 40. Kf2 Kb7 41.
Bf3 Kc7 42. Ke3 Qb3+ 43. Qd3 Qb2 44. Be4 Kb8 45. Bf3 1/2-1/2

[Event "SR 1. liga zapad 2013/2014"]
[Site "?"]
[Date "2014.03.02"]
[Round "54.3"]
[White "Pallag, Gergely"]
[Black "Turna, Stefan"]
[Result "1/2-1/2"]
[WhiteElo "2075"]
[BlackElo "2217"]
[PlyCount "125"]
[EventDate "2013.??.??"]
[WhiteTeam "KSC Komarno"]
[BlackTeam "SK Slovan Bratislava C"]

1. d4 Nf6 2. Bg5 d5 3. Bxf6 gxf6 4. e3 c5 5. Nc3 Nc6 6. dxc5 e6 7. Qf3 Bxc5 8.
O-O-O Bd7 9. Nge2 Rc8 10. Nf4 Ne5 11. Qg3 Ng6 12. Bd3 f5 13. h4 Qf6 14. Ncxd5
exd5 15. Nxd5 Qe5 16. Qxe5+ Nxe5 17. Nf6+ Ke7 18. Nxd7 Nxd7 19. Bxf5 Rc7 20. c3
Nb6 21. Kc2 Kf6 22. Be4 Ke5 23. Bf3 Be7 24. g3 h6 25. Rd3 Rd8 26. Rhd1 Rd6 27.
Rxd6 Bxd6 28. Rd4 f5 29. Bg2 Nd7 30. Rd5+ Ke6 31. Rb5 b6 32. Bh3 Bc5 33. e4 a6
34. exf5+ Kf6 35. Rb3 Bxf2 36. Rb4 Bxg3 37. Rg4 Bf2 38. Rg6+ Ke5 39. Re6+ Kf4
40. Rxh6 Ne5 41. f6 Nf7 42. Rh5 Rc6 43. Rf5+ Kg3 44. Bf1 Bd4 45. Bxa6 Bxf6 46.
h5 Nh6 47. Rd5 Kf4 48. Bd3 Ng4 49. Kb3 Be5 50. Rd8 Kg5 51. Rg8+ Kf4 52. Rg6
Rxg6 53. hxg6 Nf2 54. Bc2 Ke3 55. Kc4 Kd2 56. Bf5 Kc1 57. b4 Kb2 58. a4 Nd1 59.
Kb5 Nxc3+ 60. Kxb6 Nxa4+ 61. Kc6 Nc3 62. b5 Nxb5 63. Kxb5 1/2-1/2

[Event "SR 1. liga zapad 2013/2014"]
[Site "?"]
[Date "2014.03.02"]
[Round "54.4"]
[White "Kovac, Andrej"]
[Black "Voros, Gellert"]
[Result "1/2-1/2"]
[WhiteElo "2171"]
[BlackElo "2038"]
[PlyCount "80"]
[EventDate "2013.??.??"]
[WhiteTeam "SK Slovan Bratislava C"]
[BlackTeam "KSC Komarno"]

1. Nf3 d5 2. b3 Nf6 3. Bb2 Bg4 4. e3 e6 5. Be2 Bd6 6. d3 O-O 7. Ne5 Bxe2 8.
Qxe2 c5 9. Nd2 Bxe5 10. Bxe5 Nc6 11. Bb2 e5 12. O-O Re8 13. e4 d4 14. f4 exf4
15. Rxf4 Nd5 16. Rf2 Ne3 17. Nf1 Qg5 18. Bc1 Qe5 19. Bb2 Nf5 20. Qf3 Nd6 21.
Ne3 dxe3 22. Bxe5 exf2+ 23. Qxf2 Rxe5 24. Rf1 f5 25. exf5 Rxf5 26. Qe3 Re8 27.
Qg3 Nd4 28. Re1 Ref8 29. h3 Rf1+ 30. Kh2 N6f5 31. Qe5 Rf2 32. Kh1 b6 33. c3 Nc2
34. Qe6+ Kh8 35. Re5 Ng3+ 36. Kg1 Rf1+ 37. Kh2 R1f6 38. Qd7 Nf1+ 39. Kg1 Nfe3
40. Qe7 h6 1/2-1/2

[Event "SR 1. liga zapad 2013/2014"]
[Site "?"]
[Date "2014.03.02"]
[Round "54.5"]
[White "Goth, Gabriel"]
[Black "Hacik, Radomir"]
[Result "1/2-1/2"]
[WhiteElo "2038"]
[BlackElo "2209"]
[PlyCount "50"]
[EventDate "2013.??.??"]
[WhiteTeam "KSC Komarno"]
[BlackTeam "SK Slovan Bratislava C"]

1. e4 c6 2. d4 d5 3. exd5 cxd5 4. c4 Nf6 5. Nc3 e6 6. Nf3 Be7 7. Bd3 O-O 8. O-O
Nc6 9. Re1 Nb4 10. Bf1 dxc4 11. Bxc4 a6 12. a4 Qc7 13. Qe2 Nc2 14. Qxc2 Qxc4
15. Qe2 Qxe2 16. Rxe2 Rd8 17. h3 Bd7 18. d5 Bb4 19. dxe6 Bxe6 20. Bg5 Rac8 21.
Bxf6 gxf6 22. Nd4 Bd7 23. Nd5 Bc5 24. Nxf6+ Kg7 25. Nxd7 Bxd4 1/2-1/2

[Event "SR 1. liga zapad 2013/2014"]
[Site "?"]
[Date "2014.03.02"]
[Round "54.6"]
[White "Dolnak, Michal"]
[Black "Molnar, Erno"]
[Result "1-0"]
[WhiteElo "2164"]
[BlackElo "2002"]
[PlyCount "107"]
[EventDate "2013.??.??"]
[WhiteTeam "SK Slovan Bratislava C"]
[BlackTeam "KSC Komarno"]

1. d4 d5 2. Nf3 Nf6 3. c4 e6 4. g3 dxc4 5. Bg2 Bd7 6. Ne5 Bc6 7. Nxc6 Nxc6 8.
Qa4 Nd5 9. Qxc4 Bb4+ 10. Bd2 O-O 11. e3 Na5 12. Qe2 c5 13. Nc3 Rc8 14. Nxd5
Bxd2+ 15. Qxd2 exd5 16. O-O c4 17. Qb4 a6 18. b3 b6 19. Rfc1 Re8 20. Qa3 h6 21.
Rab1 cxb3 22. axb3 Qd7 23. Bf1 Qf5 24. Bxa6 Ra8 25. Qa4 Reb8 26. Qb5 Ra7 27.
Qd3 Qg5 28. Bb5 Nb7 29. Bc6 Nd6 30. h4 Qh5 31. Ra1 Rxa1 32. Rxa1 g5 33. Qd1 Qg6
34. hxg5 Qxg5 35. Qf3 Ne4 36. Ra7 Nf6 37. Qf4 Qxf4 38. gxf4 Rc8 39. Ra8 Rxa8
40. Bxa8 Kf8 41. f3 Ke7 42. Kf2 Kd6 43. e4 dxe4 44. fxe4 Ng4+ 45. Ke2 f6 46.
Bb7 Kc7 47. Bd5 Kd6 48. Bf7 f5 49. e5+ Ke7 50. Bc4 h5 51. d5 h4 52. Bd3 h3 53.
Bxf5 h2 54. Be4 1-0

[Event "SR 1. liga zapad 2013/2014"]
[Site "?"]
[Date "2014.03.02"]
[Round "54.7"]
[White "Lelkes, Oliver"]
[Black "Sulek, Viliam"]
[Result "1-0"]
[WhiteElo "1870"]
[BlackElo "2052"]
[PlyCount "105"]
[EventDate "2013.??.??"]
[WhiteTeam "KSC Komarno"]
[BlackTeam "SK Slovan Bratislava C"]

1. e4 c6 2. d4 g6 3. c4 d5 4. exd5 cxd5 5. Nc3 Nf6 6. cxd5 Nxd5 7. Bc4 Nb6 8.
Bb3 Bg7 9. Nge2 O-O 10. O-O Nc6 11. Be3 Na5 12. Rc1 Nxb3 13. Qxb3 Be6 14. Qb4
Rc8 15. b3 Qd7 16. Nf4 Rfe8 17. Ne4 Rxc1 18. Rxc1 Nd5 19. Nxd5 Bxd5 20. f3 Bc6
21. Nc5 Qd5 22. Qc4 Rd8 23. Re1 e6 24. Rd1 e5 25. Qxd5 Rxd5 26. Nd3 exd4 27.
Nb4 Rd7 28. Nxc6 bxc6 29. Bf4 c5 30. Kf2 f5 31. Ke2 Kf7 32. Kd3 Bf8 33. Re1 Rb7
34. Re2 a5 35. Bd2 Ra7 36. a4 Be7 37. Kc4 Bd6 38. h3 Be7 39. Re1 Bd6 40. Kb5
Be7 41. Bxa5 Bg5 42. Bb6 Ra8 43. Kc4 Bd2 44. Rd1 Bc3 45. Bxc5 Re8 46. Bxd4 Bxd4
47. Rxd4 Re2 48. g4 fxg4 49. hxg4 Kf6 50. a5 Kg5 51. b4 Kh4 52. Rd3 h5 53. gxh5
1-0

[Event "SR 1. liga zapad 2013/2014"]
[Site "?"]
[Date "2014.03.22"]
[Round "55.1"]
[White "Farkas, Gabor"]
[Black "Zetocha, Claudiu"]
[Result "1-0"]
[WhiteElo "2307"]
[BlackElo "2363"]
[PlyCount "61"]
[EventDate "2013.??.??"]
[WhiteTeam "NSK Nitra"]
[BlackTeam "SK Slovan Bratislava C"]

1. d4 e6 2. e4 c5 3. d5 exd5 4. exd5 d6 5. Nf3 Nf6 6. Bg5 Be7 7. c4 O-O 8. Be2
Ne4 9. Bxe7 Qxe7 10. O-O f5 11. Re1 Qf6 12. Qc2 Na6 13. a3 Bd7 14. Bd3 Rae8 15.
Nbd2 Nxd2 16. Qxd2 b6 17. b4 Rxe1+ 18. Rxe1 Re8 19. b5 Nc7 20. Rxe8+ Nxe8 21.
h3 h6 22. Qc2 Bc8 23. Qe2 Kf7 24. a4 Qc3 25. Nh4 g6 26. Nxg6 Nf6 27. Ne7 Bd7
28. Nc6 Kg6 29. Kh2 Qc1 30. g3 Qc3 31. Bxf5+ 1-0

[Event "SR 1. liga zapad 2013/2014"]
[Site "?"]
[Date "2014.03.22"]
[Round "55.2"]
[White "Havlicek, Libor"]
[Black "Szucs, Vladimir"]
[Result "1-0"]
[WhiteElo "2268"]
[BlackElo "2248"]
[PlyCount "130"]
[EventDate "2013.??.??"]
[WhiteTeam "SK Slovan Bratislava C"]
[BlackTeam "NSK Nitra"]

1. Nf3 c5 2. c4 Nc6 3. g3 g6 4. Bg2 Bg7 5. O-O e6 6. Nc3 Nge7 7. d3 O-O 8. Bd2
d5 9. cxd5 exd5 10. Qc1 b6 11. Bh6 Bb7 12. Bxg7 Kxg7 13. d4 c4 14. Qf4 Qb8 15.
Qg5 h6 16. Qd2 f5 17. b3 Ba6 18. Ne1 Qd6 19. Nc2 cxb3 20. axb3 Na5 21. Rfb1
Rfc8 22. Ne3 Bb7 23. Nb5 Qd7 24. Na3 a6 25. Qd3 Nac6 26. Nac2 Qd6 27. b4 Nd8
28. Qb3 Ne6 29. Qb2 Kh7 30. Ne1 Ng8 31. Nd3 Nf6 32. Ne5 Rc7 33. Nd3 Rac8 34.
Rc1 Rxc1+ 35. Rxc1 Rxc1+ 36. Nxc1 Ne4 37. Nd3 Qc7 38. f3 Nd6 39. Ne5 Nb5 40. f4
Qc3 41. Qxc3 Nxc3 42. Nd7 Nxd4 43. Nxb6 Ndxe2+ 44. Kf2 Nc1 45. Bxd5 Nd3+ 46.
Kf1 Bxd5 47. Nbxd5 Ne4 48. Ke2 Nc1+ 49. Kd1 Nb3 50. Kc2 Nd4+ 51. Kd3 Nb3 52.
Nc4 Nc1+ 53. Kc2 Ne2 54. Nc7 Nd4+ 55. Kd3 Nf3 56. Nxa6 Nxh2 57. b5 Ng4 58. b6
Ngf6 59. b7 Nd7 60. Kd4 h5 61. Ne5 Nd6 62. Nxd7 Nxb7 63. Ke3 Kg7 64. Nc7 Na5
65. Ne6+ Kf7 1-0

[Event "SR 1. liga zapad 2013/2014"]
[Site "?"]
[Date "2014.03.22"]
[Round "55.3"]
[White "Gorusa, Miroslav"]
[Black "Ruckschloss, Karol"]
[Result "1/2-1/2"]
[WhiteElo "2146"]
[BlackElo "2244"]
[PlyCount "94"]
[EventDate "2013.??.??"]
[WhiteTeam "NSK Nitra"]
[BlackTeam "SK Slovan Bratislava C"]

1. d4 f5 2. Nf3 Nf6 3. Bg5 Ne4 4. Bf4 c6 5. Nbd2 e6 6. e3 Be7 7. Nxe4 fxe4 8.
Nd2 d5 9. Qh5+ g6 10. Qh6 Bf8 11. Qg5 Qxg5 12. Bxg5 Bg7 13. f3 exf3 14. Nxf3
Nd7 15. Bd3 e5 16. dxe5 Nxe5 17. Nxe5 Bxe5 18. O-O-O O-O 19. h3 Bf5 20. Rhf1
Bxd3 21. cxd3 Kg7 22. Be7 Rxf1 23. Rxf1 Re8 24. Bb4 Bf6 25. Rf3 h5 26. Bc3 Bxc3
27. bxc3 g5 28. Kd2 Kg6 29. Ke2 b5 30. Rf1 a5 31. a4 Rb8 32. Rb1 Kf5 33. Kf3
g4+ 34. hxg4+ hxg4+ 35. Kg3 b4 36. cxb4 Rxb4 37. Rf1+ Ke5 38. Rf4 c5 39. Rxg4
c4 40. Rg5+ Kd6 41. dxc4 dxc4 42. Kf3 Rxa4 43. Ke4 Ra3 44. Kd4 Rd3+ 45. Kxc4
Rxe3 46. Rxa5 Rg3 47. Ra2 Ke5 1/2-1/2

[Event "SR 1. liga zapad 2013/2014"]
[Site "?"]
[Date "2014.03.22"]
[Round "55.4"]
[White "Castiglione, Mario"]
[Black "Skreno, Vladimir"]
[Result "1/2-1/2"]
[WhiteElo "2240"]
[BlackElo "2195"]
[PlyCount "52"]
[EventDate "2013.??.??"]
[WhiteTeam "SK Slovan Bratislava C"]
[BlackTeam "NSK Nitra"]

1. c4 Nf6 2. Nc3 g6 3. e4 d6 4. d4 Bg7 5. Nf3 O-O 6. Be2 e5 7. d5 a5 8. Bg5 Qe8
9. Nd2 h6 10. Be3 Na6 11. g4 Nh7 12. Rg1 Bd7 13. h4 g5 14. hxg5 hxg5 15. Rh1 f6
16. Nf1 Rf7 17. Ng3 Nf8 18. Nf5 Ng6 19. f3 Rf8 20. Kf2 Nf4 21. Bxf4 exf4 22.
Nh6+ Bxh6 23. Rxh6 Kg7 24. Qh1 Rh8 25. Rxh8 Qxh8 26. Qxh8+ Rxh8 1/2-1/2

[Event "SR 1. liga zapad 2013/2014"]
[Site "?"]
[Date "2014.03.22"]
[Round "55.5"]
[White "Dlhy, Jozef"]
[Black "Kovac, Andrej"]
[Result "1-0"]
[WhiteElo "2057"]
[BlackElo "2171"]
[PlyCount "69"]
[EventDate "2013.??.??"]
[WhiteTeam "NSK Nitra"]
[BlackTeam "SK Slovan Bratislava C"]

1. d4 Nf6 2. Nf3 g6 3. Bg5 Bg7 4. Nbd2 d5 5. e3 O-O 6. Bd3 Re8 7. O-O Nbd7 8.
e4 dxe4 9. Nxe4 Nxe4 10. Bxe4 Nf6 11. Bd3 c6 12. c3 Qc7 13. Qd2 Bd7 14. Rfe1
Rad8 15. Bf4 Qc8 16. Bc4 Bf5 17. Qe2 Bg4 18. h3 Bf5 19. Ne5 Nd5 20. Bh2 Be6 21.
Rad1 c5 22. Bb3 cxd4 23. Rxd4 Nc7 24. Rxd8 Rxd8 25. Nxf7 Bxf7 26. Bxf7+ Kxf7
27. Qxe7+ Kg8 28. Bxc7 Rd2 29. Bf4 Rxb2 30. Rd1 Qf5 31. Rd8+ Bf8 32. Be3 Rb1+
33. Kh2 Rd1 34. Re8 Rf1 35. Bh6 1-0

[Event "SR 1. liga zapad 2013/2014"]
[Site "?"]
[Date "2014.03.22"]
[Round "55.6"]
[White "Hacik, Radomir"]
[Black "Valovic, Stefan"]
[Result "1-0"]
[WhiteElo "2209"]
[BlackElo "1987"]
[PlyCount "123"]
[EventDate "2013.??.??"]
[WhiteTeam "SK Slovan Bratislava C"]
[BlackTeam "NSK Nitra"]

1. e4 c6 2. d4 d5 3. Nc3 dxe4 4. Nxe4 Nd7 5. Qe2 Qc7 6. Nf3 Ngf6 7. Bg5 Nxe4 8.
Qxe4 Nf6 9. Bxf6 gxf6 10. Bc4 Qa5+ 11. c3 Bf5 12. Qf4 Bg6 13. O-O Rc8 14. Rfe1
Qf5 15. Qe3 Rc7 16. Nh4 Qg5 17. Qh3 Kd8 18. Re3 f5 19. Nf3 Qg4 20. Ne5 Qxh3 21.
Rxh3 Ke8 22. Re1 Bg7 23. f4 e6 24. Bb3 Ke7 25. Rhe3 Rd8 26. h3 c5 27. d5 Bxe5
28. Rxe5 c4 29. Bc2 Rc5 30. d6+ Kxd6 31. Rd1+ Rd5 32. Rdxd5+ exd5 33. Bxf5 Bxf5
34. Rxf5 Ke6 35. Re5+ Kd6 36. Kf2 f6 37. Rh5 Rd7 38. g4 Re7 39. Rh6 Ke6 40. Ke3
b6 41. Kd4 Rf7 42. f5+ Ke7 43. Kxd5 b5 44. h4 Kd7 45. Ke4 a5 46. g5 fxg5 47.
hxg5 b4 48. Ra6 Re7+ 49. Kd4 Re2 50. Rxa5 Rxb2 51. Kxc4 bxc3 52. Kxc3 Rg2 53.
Ra7+ Ke8 54. Rg7 Rxa2 55. Rxh7 Ra3+ 56. Kd4 Ra4+ 57. Ke5 Ra5+ 58. Kf6 Ra6+ 59.
Kg7 Ra7+ 60. Kg6 Ra1 61. f6 Rf1 62. Rh8+ 1-0

[Event "SR 1. liga zapad 2013/2014"]
[Site "?"]
[Date "2014.03.22"]
[Round "55.7"]
[White "Pereszlenyi, Gejza"]
[Black "Dolnak, Michal"]
[Result "1/2-1/2"]
[WhiteElo "2000"]
[BlackElo "2164"]
[PlyCount "47"]
[EventDate "2013.??.??"]
[WhiteTeam "NSK Nitra"]
[BlackTeam "SK Slovan Bratislava C"]

1. d4 Nf6 2. Nf3 e6 3. Bf4 d5 4. e3 Bd6 5. c3 O-O 6. Nbd2 c5 7. Ne5 b6 8. Be2
Bb7 9. O-O Nc6 10. Bg3 Ne7 11. Bh4 Nf5 12. Bg5 Be7 13. Bb5 a6 14. Nc6 Bxc6 15.
Bxc6 Ra7 16. Bxf6 Bxf6 17. Ba4 Nd6 18. Bc2 Qb8 19. Re1 Rd8 20. Qf3 Qc7 21. Rad1
Raa8 22. h4 Qe7 23. h5 Bg5 24. Qh3 1/2-1/2

[Event "SR 1. liga zapad 2013/2014"]
[Site "?"]
[Date "2014.03.22"]
[Round "55.8"]
[White "Valent, Ivan"]
[Black "Danko, Dusan"]
[Result "1-0"]
[WhiteElo "2202"]
[BlackElo "1875"]
[PlyCount "87"]
[EventDate "2013.??.??"]
[WhiteTeam "SK Slovan Bratislava C"]
[BlackTeam "NSK Nitra"]

1. e4 c5 2. Nf3 Nc6 3. d3 d6 4. g3 g6 5. Bg2 Bg7 6. O-O Bg4 7. h3 Bd7 8. c3 h6
9. Be3 g5 10. d4 b6 11. Nbd2 Qc7 12. Rc1 Rd8 13. b4 g4 14. hxg4 Bxg4 15. Qa4
Bd7 16. Qa3 Nf6 17. bxc5 bxc5 18. dxc5 d5 19. Nd4 e5 20. Nb5 Qa5 21. Nd6+ Ke7
22. Qxa5 Nxa5 23. exd5 Ng4 24. Rb1 f5 25. Nb7 Nxe3 26. fxe3 Nxb7 27. Rxb7 Kf6
28. c6 Bc8 29. Rxa7 e4 30. Nxe4+ Kg6 31. d6 Be5 32. d7 Bxd7 33. Rxd7 Rxd7 34.
cxd7 fxe4 35. Bxe4+ Kg7 36. Kg2 Bxc3 37. a4 Rd8 38. Bc6 Ba5 39. Rf5 Bb6 40. e4
Rf8 41. a5 Rxf5 42. axb6 Rf8 43. Bb7 Kf6 44. Bc8 1-0

[Event "SR 1. liga zapad 2013/2014"]
[Site "?"]
[Date "2014.03.22"]
[Round "56.1"]
[White "Gazik, Igor"]
[Black "Schwarz, Dusan"]
[Result "1-0"]
[WhiteElo "2321"]
[BlackElo "2390"]
[PlyCount "81"]
[EventDate "2013.??.??"]
[WhiteTeam "SK Prievidza"]
[BlackTeam "SK Doprastav Bratislava B"]

1. e4 d5 2. exd5 Qxd5 3. Nc3 Qa5 4. d4 c6 5. Nf3 Nf6 6. Bc4 Bf5 7. Bd2 e6 8.
Qe2 Bb4 9. O-O-O Nbd7 10. a3 Bxc3 11. Bxc3 Qc7 12. Ne5 b5 13. Bb3 Be4 14. Rhe1
O-O 15. Nxd7 Qxd7 16. d5 Bxd5 17. Bxf6 gxf6 18. Rd3 Kh8 19. Bxd5 cxd5 20. Qf3
f5 21. g4 f4 22. Qxf4 Rg8 23. Rc3 Rac8 24. Qf6+ Rg7 25. Rxc8+ Qxc8 26. Re3 Kg8
27. Rc3 Qb8 28. h3 Rg6 29. Qd4 h5 30. Kb1 hxg4 31. hxg4 Rh6 32. g5 Rh1+ 33. Ka2
Qd8 34. f4 a6 35. Rc6 Re1 36. Qc5 Kh7 37. Rc8 Qd7 38. Rc7 Qe8 39. Qc3 Re4 40.
Qf6 Kg8 41. g6 1-0

[Event "SR 1. liga zapad 2013/2014"]
[Site "?"]
[Date "2014.03.22"]
[Round "56.2"]
[White "Bednar, Jan"]
[Black "Dobrotka, Martin"]
[Result "1/2-1/2"]
[WhiteElo "2185"]
[BlackElo "2218"]
[PlyCount "70"]
[EventDate "2013.??.??"]
[WhiteTeam "SK Doprastav Bratislava B"]
[BlackTeam "SK Prievidza"]

1. d4 Nf6 2. c4 d6 3. Nc3 e5 4. Nf3 Nc6 5. d5 Ne7 6. g3 Ng6 7. Bg2 Be7 8. e4
O-O 9. O-O Ne8 10. Be3 Bd7 11. h3 Qc8 12. Kh2 a5 13. Qe2 b6 14. b3 Bf6 15. a3
Ne7 16. b4 Qd8 17. Rfc1 g6 18. c5 bxc5 19. bxc5 dxc5 20. Bxc5 Nd6 21. a4 Nec8
22. Rab1 Re8 23. Nb5 Nxb5 24. axb5 Bg7 25. Nd2 Rb8 26. Rc2 Nb6 27. Nc4 Nxc4 28.
Qxc4 Rb7 29. b6 cxb6 30. Qa6 Qa8 31. Qxa8 Rxa8 32. Rxb6 Rxb6 33. Bxb6 Bf8 34.
Bf1 Bd6 35. Bc4 a4 1/2-1/2

[Event "SR 1. liga zapad 2013/2014"]
[Site "?"]
[Date "2014.03.22"]
[Round "56.3"]
[White "Gazik, Viktor"]
[Black "Danada, Tomas"]
[Result "1-0"]
[WhiteElo "2166"]
[BlackElo "2099"]
[PlyCount "89"]
[EventDate "2013.??.??"]
[WhiteTeam "SK Prievidza"]
[BlackTeam "SK Doprastav Bratislava B"]

1. e4 e6 2. d4 d5 3. Nd2 Nf6 4. e5 Nfd7 5. f4 c5 6. c3 Nc6 7. Ngf3 Qb6 8. Bd3
cxd4 9. cxd4 Nxd4 10. Nxd4 Qxd4 11. Nf3 Qb6 12. a3 Nc5 13. Bc2 Bd7 14. Be3 Qa6
15. Nd4 Rc8 16. g3 Be7 17. Kf2 O-O 18. Kg2 Bb5 19. b4 Ne4 20. Nxb5 Qxb5 21. Bd3
Qe8 22. Bxa7 Nc3 23. Qf3 Qa4 24. Bd4 f5 25. exf6 Bxf6 26. Qh5 Ne4 27. Bxf6 Rc2+
28. Bxc2 Qxc2+ 29. Kh3 Nf2+ 30. Kh4 Nxh1 31. Rxh1 gxf6 32. Qg4+ Kf7 33. Kh3 Rg8
34. Qh5+ Qg6 35. Qf3 Rc8 36. Re1 b5 37. g4 Qc2 38. Re3 Rc4 39. f5 exf5 40.
Qxd5+ Kg6 41. Qg8+ Kh6 42. Qf8+ Kg6 43. Qe8+ Kg5 44. Qh5+ Kf4 45. Qh6# 1-0

[Event "SR 1. liga zapad 2013/2014"]
[Site "?"]
[Date "2014.03.22"]
[Round "56.4"]
[White "Karas, Marek"]
[Black "Kaniansky, Miroslav"]
[Result "1/2-1/2"]
[WhiteElo "2037"]
[BlackElo "2203"]
[PlyCount "97"]
[EventDate "2013.??.??"]
[WhiteTeam "SK Doprastav Bratislava B"]
[BlackTeam "SK Prievidza"]

1. d4 d5 2. c4 c6 3. Nf3 Nf6 4. Qc2 Na6 5. e3 g6 6. a3 Bf5 7. Bd3 Bxd3 8. Qxd3
e6 9. Nc3 Bg7 10. O-O O-O 11. b3 c5 12. Rd1 Rc8 13. Bb2 cxd4 14. exd4 dxc4 15.
bxc4 Qc7 16. Ne5 Rfd8 17. Nb5 Qb8 18. Qf3 Nc7 19. a4 a6 20. Nc3 Nce8 21. g4 Qc7
22. Ne2 Nd6 23. Rac1 Nd7 24. c5 Nxe5 25. dxe5 Ne8 26. Rxd8 Rxd8 27. Qe3 Qc6 28.
Nc3 Bf8 29. Ba3 b6 30. Qe4 Qxe4 31. Nxe4 bxc5 32. Bxc5 Rc8 33. Be3 Rxc1+ 34.
Bxc1 Nc7 35. Nf6+ Kg7 36. Kf1 Bb4 37. Ke2 Nd5 38. Nxd5 exd5 39. Kd3 Ba5 40. Be3
f6 41. Kd4 fxe5+ 42. Kxd5 Kf6 43. Kc6 Bc3 44. Kb7 a5 45. Ka6 e4 46. Bb6 Be1 47.
Be3 Ke5 48. Kb5 Kd5 49. h4 1/2-1/2